00704nam a2200229 a 4500001001300000003000900013005001700022008004100039020002300080082001900103100002300122245005000145260003500195300000900230500003500239650002500274700002300299902000800322942000700330952012000337999001700457nice12345678IN_TiNIC20260116014527.0100927s2009 dela grp 000 0 eng  a9788178242910c49500a954.0072bCHA1 aChatterjee, Partha aThe Small Voice of Historyb Collected Essays aDelhi bPermanent Black c2009 a666p aincludes index and biblioraphy aIndia-Historiography1 aChatterjee, Partha bSRS cBK 001040708StackRoom-aHMIbHMId2010-09-27g495.00l0o954.0072 CHA1p023366r2010-09-27v495.00w2010-09-27yBK c15787d15787